|
|
|
|
| LEADER |
01598nam a22004215i 4500 |
| 001 |
978-3-8349-9479-0 |
| 003 |
DE-He213 |
| 005 |
20151204161418.0 |
| 007 |
cr nn 008mamaa |
| 008 |
100301s2009 gw | s |||| 0|eng d |
| 020 |
|
|
|a 9783834994790
|9 978-3-8349-9479-0
|
| 024 |
7 |
|
|a 10.1007/978-3-8349-9479-0
|2 doi
|
| 040 |
|
|
|d GrThAP
|
| 050 |
|
4 |
|a TS155-TS194
|
| 072 |
|
7 |
|a KJMV
|2 bicssc
|
| 072 |
|
7 |
|a BUS087000
|2 bisacsh
|
| 082 |
0 |
4 |
|a 658.5
|2 23
|
| 100 |
1 |
|
|a Goehlich, Robert A.
|e author.
|
| 245 |
1 |
0 |
|a Make-or-Buy Decisions in Aerospace Organizations
|h [electronic resource] :
|b Essays on Strategic Efficiency Improvements /
|c by Robert A. Goehlich.
|
| 264 |
|
1 |
|a Wiesbaden :
|b Gabler,
|c 2009.
|
| 300 |
|
|
|a XVI, 116 p.
|b online resource.
|
| 336 |
|
|
|a text
|b txt
|2 rdacontent
|
| 337 |
|
|
|a computer
|b c
|2 rdamedia
|
| 338 |
|
|
|a online resource
|b cr
|2 rdacarrier
|
| 347 |
|
|
|a text file
|b PDF
|2 rda
|
| 505 |
0 |
|
|a Economic Characteristics of Aerospace Organizations -- Outsourcing Strategies in Europe, USA and Japan: A Case of Space Organizations -- Development of a Make-or-Buy Decision-supporting Process -- Conclusion.
|
| 650 |
|
0 |
|a Business.
|
| 650 |
|
0 |
|a Management.
|
| 650 |
|
0 |
|a Production management.
|
| 650 |
1 |
4 |
|a Business and Management.
|
| 650 |
2 |
4 |
|a Operations Management.
|
| 650 |
2 |
4 |
|a Management.
|
| 710 |
2 |
|
|a SpringerLink (Online service)
|
| 773 |
0 |
|
|t Springer eBooks
|
| 776 |
0 |
8 |
|i Printed edition:
|z 9783834915306
|
| 856 |
4 |
0 |
|u http://dx.doi.org/10.1007/978-3-8349-9479-0
|z Full Text via HEAL-Link
|
| 912 |
|
|
|a ZDB-2-SBE
|
| 950 |
|
|
|a Business and Economics (Springer-11643)
|